000 00419cam a2200181ua 4500
001 2603
008 110829n ii |||gr||||Z||||||eng
040 _cMAIN
082 _a491.4515
100 1 _eAuthor.
245 1 1 _aAsamiya byakaranar jiliangni
_cby
250 _a1st.
260 _a[s.l]:
_b[s.n].
300 _a350p:
_c23cm.
653 _aAssamese grammar
653 _aAsamiya byakaranar jiliangni
942 _cBK
999 _c2456
_d2456